000 00595nam a2200169Ia 4500
003 GCL
008 140319s9999 xx 000 0 ara d
040 _aGCL /
_cGCL
082 0 4 _a229.3
_bق ف
100 1 _aاسماعيل بن السيد محمد سعيد الى
245 1 0 _aالفتوضات الربانية فى الماثر والاوراد القادرية /
_cاسماعيل بن السيد محمد سعيد الى
260 _a[S.N] :
_bالمكتبة الثقافية ،
_c1988
300 _a160 ص
490 _a
650 0 4 _aالادعية والاوراد
942 _2ddc
_cBK
999 _c54096
_d54096